| 000 | 01007nam a22002657a 4500 | ||
|---|---|---|---|
| 999 |
_c22548 _d22548 |
||
| 003 | AR-CdUCM | ||
| 008 | 190423b ||||| |||| 00| 0 spa d | ||
| 020 | _a9786124371516 | ||
| 040 |
_aMUNICIPALIDAD PROVINCIAL DEL CUSCO _cBIBLIOTECA MUNICIPAL DEL CUSCO |
||
| 082 |
_a808.8/H43 _bH43 |
||
| 100 |
_aHernández, Luis Rafael _948477 |
||
| 245 |
_aBullying / _cLuis Rafael Hernández, [ilustraciones, Bernardo Prado Rayme y Carlota Aguayo] |
||
| 260 |
_aLima : _bEdit. Crecer, _c2019. |
||
| 300 |
_a130, [1] páginas. : _bilustraciones ; _c19 cm. |
||
| 500 | _a"Valor: La dignidad" Incluye actividades lúdicas de comprensión lectora y habilidad verbal. | ||
| 650 |
_aCuentos juveniles cubanos _948478 |
||
| 650 |
_aAcoso moral en la escuela _948479 |
||
| 650 |
_aValores sociales _99934 |
||
| 650 |
_aCuentos _948480 |
||
| 650 |
_aSiglo XX _948475 |
||
| 700 |
_aPrado Rayme, Bernardo _eilustrador _948481 |
||
| 700 |
_aAguayo Ojeda, Carlota _eilustrador _948482 |
||
| 942 |
_2ddc _cLIBROS |
||
| 945 | _arac | ||